Premier League Teams 23/24 - Bournemouth - Statistics

General Stats
  • This quiz has been taken 4 times
  • The average score is 10 of 21
Answer Stats
Question Answer % Correct
Who is their head Coach? Andoni Iraola
100%
Who is the chairman? Bill Foley
100%
What is the name of their stadium? Dean Court
100%
What is their nickname? The Cherries
100%
How many top division titles have they won? 0
75%
Which year did they win their most recent top division title? No Titles
75%
What is the colour of their home kit? Red and Black
75%
What is their motto? Together, Anything is Possible
75%
...and what does it mean in English? Together, Anything is Possible
75%
Which company sponsors their kit? Dafabet
50%
Which team is their closest rival? Southampton
50%
With 726 games, who has played the most for them? Steve Fletcher
50%
How many consecutive seasons in the top division? Two
50%
Their record home attendance was against Manchester United in 1957. How many were there. (To the nearest 1,000) 28,799
25%
With 229 goals, who is their record goal scorer? Ron Eyre
25%
Their biggest loss was against Lincoln City in 1982. What was the score? 0-9
0%
Their youngest first team player was only 16 years, 21 days. What was his name? Jayden Stockley
0%
Their record cup win was 11-0 1971. Who was it against? Margate
0%
Their oldest first team player was 43 years, 301 days. Who was it? Rob Newman
0%
Their record league win was 7-0 in 1956. Who was it against? Swindon Town
0%
Who is the owner of the club? (If more than one owner, use the person/company with the majority stake) Turquoise Bidco Limited
0%
No matching quizzes found
Score Distribution
Percent of People with Each Score
Percentile by Number Answered
Your Score History
You have not taken this quiz